000 00321nam a22001457a 4500
003 SGT
020 _a978-81-29206-797-1
082 _a617.8
_bS15Y
100 _aYAIRI, EHUD
245 _aSTUTTENING: FOUNDATION & CLINICAL APPLICATION
250 _a2ND
260 _bPEARSON
_c2015
300 _a542
942 _2ddc
_cBK
999 _c17877
_d17877